000 00464nam a22001697a 4500
005 20251108165930.0
008 250721s1986 xx 000 0 ara d
082 1 4 _aق/عبد
100 1 _aمنيف، عبد الرحمن
245 1 0 _aمفكرة الام العربية /
264 1 _aبيروت :
_bدار الهلال،
_c1986.
300 _a144ص
490 0 _aروايات الهلال
650 1 7 _aالرواية
942 _2ddc
_cBK
999 _c35188
_d35188